Minneapolis-St. Paul Nonstop Airport Destinations on a Map - Statistics

General Stats
  • This quiz has been taken 61 times
  • The average score is 109 of 160
Answers on the Map
Answers color-coded by a green-red scale on the quiz's map according to % correct below.
 
Answer Stats
Answer % Correct
Portland, OR
98%
Seattle
98%
London-Heathrow
96%
San Diego
96%
Austin
94%
Dublin
94%
Houston-Hobby
94%
Miami
94%
Paris
94%
Amsterdam
92%
Anchorage
92%
Calgary
92%
Detroit
92%
Honolulu
92%
Las Vegas
92%
Portland, ME
92%
San Antonio
92%
Boston
90%
Copenhagen
90%
Denver
90%
Frankfurt
90%
Montreal
90%
New York-Laguardia
90%
Orlando
90%
Phoenix-Sky Harbor
90%
Toronto
90%
Charlotte
88%
Chicago-Midway
88%
Chicago-O'Hare
88%
Cleveland
88%
Dallas-Love
88%
Mexico City
88%
Philadelphia
88%
San Francisco
88%
Tampa
88%
Cancun
86%
Edmonton
86%
Kansas City
86%
Los Angeles
86%
Newark
86%
New Orleans
86%
Oklahoma City
86%
Phoenix-Mesa
86%
Rome
86%
Salt Lake City
86%
San Jose
86%
Vancouver
86%
Washington-Dulles
86%
Atlanta
84%
Baltimore
84%
Buffalo
84%
Fort Lauderdale
84%
Jackson Hole
84%
Providence
84%
Washington-National
84%
Winnipeg
84%
Indianapolis
82%
Jacksonville
82%
Milwaukee
82%
Raleigh-Durham
82%
Sacramento
82%
Boise
80%
Columbus
80%
Duluth
80%
Fairbanks
80%
Memphis
80%
Nashville
80%
New York-JFK
80%
Pittsburgh
80%
St. Louis
80%
Bismarck
78%
Dallas-Fort Worth
78%
Grand Rapids
78%
Hartford
78%
Rochester
78%
Tucson
78%
Cincinnati
76%
Madison
76%
Albuquerque
74%
Colorado Springs
74%
Fargo
74%
Richmond
74%
Savannah
74%
Syracuse
74%
Charleston
72%
Des Moines
70%
Fort Myers
70%
Houston-Intercontinental
70%
Oakland
70%
Omaha
70%
St. Petersburg
70%
Green Bay
68%
Louisville
68%
Norfolk
68%
San Juan
68%
Fort Wayne
66%
Myrtle Beach
66%
Regina
66%
Sioux Falls
66%
Billings
64%
Reno
64%
Burlington
62%
San Jose Del Cabo
62%
Saskatoon
62%
Spokane
62%
Wichita
62%
Reykjavik
60%
Belize City
58%
Grand Forks
58%
Marquette
58%
Palm Springs
58%
West Palm Beach
58%
Bozeman
56%
Fayetteville/Springfield
56%
Knoxville
56%
Minot
56%
Rapid City
56%
Appleton
54%
Asheville
54%
International Falls
54%
Bemidji
52%
Missoula
52%
Montego Bay
52%
Punta Cana
52%
Santa Ana
52%
Sarasota
52%
Puerto Vallarta
50%
Sault Ste. Marie
50%
Traverse City
48%
Cedar Rapids
46%
Liberia
46%
South Bend
46%
Wilmington
44%
Cozumel
42%
Destin
42%
Melbourne
42%
Tulum
42%
Aberdeen
40%
Grand Cayman
38%
Great Falls
38%
Hibbing
38%
Iron Mountain
34%
Kalispell-Glacier
34%
Brainerd
32%
Escanaba
32%
Harlingen
32%
Wausau
30%
Williston
30%
Rhinelander
28%
Thief River Falls
28%
Mazatlan
26%
Oranjestad
26%
Pasco
26%
Providenciales
26%
Punta Gorda
26%
St. Maarten
26%
St. Thomas
26%
Ironwood
24%
Roatan
20%
Zihuatanejo
12%
No matching quizzes found
Score Distribution
Percent of People with Each Score
Percentile by Number Answered
Your Score History
You have not taken this quiz